| 000 | 01060nam a2200289 i 4500 | ||
|---|---|---|---|
| 001 | bg | ||
| 003 | BPK | ||
| 005 | 20210701095126.0 | ||
| 008 | 951123s1995 pl f f |000 0 pol | ||
| 020 | _a8386186348 | ||
| 040 | _cBPK | ||
| 041 | 0 | _apol | |
| 080 | _a657.05 | ||
| 080 | _a658.14/.17 | ||
| 080 | _a(075.8) | ||
| 245 | 0 | 0 |
_aRachunkowość zarządcza : _bpraca zbiorowa / _cpod red. Teresy Kiziukiewicz ; [aut. rozdz. Ksenia Czubakowska i in.]. |
| 260 |
_aWrocław : _bEkspert, _c1995. |
||
| 300 |
_a127 s. : _bwykr. ; _c24 cm. |
||
| 655 | 4 | _aPodręczniki akademickie | |
| 650 | 4 |
_aFinanse przedsiębiorstwa _xfinanse. |
|
| 650 | 4 | _aRachunkowość zarządcza | |
| 700 | 1 |
_aCzubakowska, Ksenia _d(1946- ) _eAutor |
|
| 710 | 2 |
_a Ekspert Wydawnictwo i Doradztwo z Zakresu Rachunkowości i Finansów, Marian Pałka _4pbl |
|
| 700 | 1 |
_aKiziukiewicz, Teresa _d(1947- ) _eRedakcja |
|
| 856 |
_uhttp://koha.tu.koszalin.pl/cgi-bin/koha/opac-detail.pl?biblionumber=10349 _yKatalog online BPK |
||
| 942 |
_cKS _2UKD |
||
| 999 |
_c10349 _d10349 |
||